000 00391nam a2200145Ia 4500
008 230312s9999||||xx |||||||||||||| ||und||
082 _a891.439
_bUSM-S
100 _aپروفیسر محمد ندیم عثمان
245 0 _aShour Urdu Lazmi Maroozi (شعور اردو لازمی معروضی)
260 _aIndia
_c2016
300 _a96
546 _aUrdu
650 _aLiterature
942 _cBK
999 _c9
_d9